Medida de la diferencial de ingreso entre familias blancas, negras y de origen hispánico en los Estados Unidos (Registro nro. 24523)

Detalles MARC
000 -LEADER
fixed length control field 00401 a2200109 4500
001 - CONTROL NUMBER
control field ART_9141
005 - DATE AND TIME OF LATEST TRANSACTION
control field 20260410161846.0
008 - FIXED-LENGTH DATA ELEMENTS--GENERAL INFORMATION
fixed length control field 260409a
100 1# - MAIN ENTRY--PERSONAL NAME
Personal name Dagum, Camilo
245 10 - TITLE STATEMENT
Title Medida de la diferencial de ingreso entre familias blancas, negras y de origen hispánico en los Estados Unidos
773 0# - HOST ITEM ENTRY
Title El trimestre económico
Related parts - Vol. L, Nº 198 (abr./jun. 1983)
Record control number REV6933

No hay ítems disponibles.